Notas sobre la actualidad del ensayo y el conocimiento sociológico

Shranjeno v:
Bibliografske podrobnosti
Glavni avtor: Zemelman M., Hugo
Format: Texto
Izdano: San José :
Oznake: Označite
Brez oznak, prvi označite!

MARC

LEADER 00000 a a2200000 04500
001 17727
003
040
090 |a 002300  
100 |a Zemelman M., Hugo  
245 |a Notas sobre la actualidad del ensayo y el conocimiento sociológico  
260 |a San José :  
300 |a .16 p  
999 |c 390  |d 390